The picture of Dorian Gray /

"This ground-breaking adaptation by Kip Williams delivers an explosive interplay of theatrical forms that bring Oscar Wilde's prophetic fable crashing into the present." --

Bibliographic Details
Main Author: Williams, Kip (Theater director) (Author)
Other Authors: Wilde, Oscar, 1854-1900
Format: Book
Language:English
Published: [New York, NY] : Samuel French, an imprint of Concord Theatricals Ltd., [2024]
Subjects:

MARC

Tag First Indicator Second Indicator Subfields
LEADER 00000cam a2200000 i 4500
001 in00005654921
008 240218t20242024nyu 000 d eng d
005 20250802185353.8
035 |a (OCoLC)on1422222882 
040 |a YDX  |b eng  |e rda  |c YDX  |d ZMS  |d OCLCO  |d EAU  |d ICK  |d IAI 
020 |a 9780573000461 
020 |a 0573000468  |q (paperback) 
035 |a (OCoLC)1422222882 
050 4 |a PR9619.4.W566  |b P5 2024 
100 1 |a Williams, Kip  |c (Theater director),  |e author. 
245 1 4 |a The picture of Dorian Gray /  |c adapted by Kip Williams ; from the novel by Oscar Wilde. 
264 1 |a [New York, NY] :  |b Samuel French, an imprint of Concord Theatricals Ltd.,  |c [2024] 
264 4 |c ©2024 
300 |a 80 pages ;  |c 21 cm 
336 |a text  |b txt  |2 rdacontent 
337 |a unmediated  |b n  |2 rdamedia 
338 |a volume  |b nc  |2 rdacarrier 
500 |a Place of publication from the publisher's website. 
500 |a Cast: 1 actor. 
520 |a "This ground-breaking adaptation by Kip Williams delivers an explosive interplay of theatrical forms that bring Oscar Wilde's prophetic fable crashing into the present." --  |c Back cover. 
600 1 0 |a Gray, Dorian  |c (Fictitious character)  |v Drama. 
650 0 |a Appearance (Philosophy)  |v Drama. 
650 0 |a Conduct of life  |v Drama. 
650 0 |a Portraits  |v Drama. 
655 7 |a Drama.  |2 lcgft 
655 7 |a Théâtre.  |2 rvmgf 
700 1 |i Adaptation of (work):  |a Wilde, Oscar,  |d 1854-1900.  |t Picture of Dorian Gray. 
852 8 |b POD  |z This title is available for the library to purchase for your use. Click the "Purchase It For Me" button to place a request. This item will take 5-10 business days to arrive. 
955 |a Print PDA title 
961 |m 565730 
999 f f |s 7d661aaf-87bc-489f-988a-f258438dd239  |i 276106a9-c2be-48a1-96ee-351f666d00e1  |t 0 
952 f f |a Texas A&M University  |b College Station  |c Sterling C. Evans Library  |d Purchase on Demand  |t 0  |e PR9619.4.W566 P5 2024  |h Library of Congress classification 
998 f f |a PR9619.4.W566 P5 2024  |t 0  |l Purchase on Demand